Carta encíclica ad coeli reginam de S.S. Pío XII sobre la realeza de la Virgen María y discurso pronunciado el 1-XI-1954 al proclamar la fiesta Litúrgica
Guardat en:
| Format: | Llibre |
|---|---|
| Idioma: | espanyol |
| Publicat: |
Santiago
Paulinas
1954
|
| Col·lecció: | Encíclicas Pontificias
|
| Matèries: | |
| Etiquetes: |
Afegir etiqueta
Sense etiquetes, Sigues el primer a etiquetar aquest registre!
|
MARC
| LEADER | 00000nam a2200000 a 4500 | ||
|---|---|---|---|
| 001 | UCI6895 | ||
| 003 | CL-VaPUC | ||
| 008 | 080530e19540000CL |||||||||||||||||spa|d | ||
| 082 | 0 | 4 | |a 262.91 |b CAR |2 21 |
| 245 | 1 | 0 | |a Carta encíclica ad coeli reginam de S.S. Pío XII sobre la realeza de la Virgen María y discurso pronunciado el 1-XI-1954 al proclamar la fiesta Litúrgica |
| 300 | |a 31 | ||
| 942 | |c BK | ||
| 945 | |d 20080530 00:00:00 |a jtorresc | ||
| 260 | |a Santiago |b Paulinas |c 1954 | ||
| 500 | |a Donación Padres Capuchinos | ||
| 600 | 0 | |a Pío XII, |d 1876-1958 |c Papa |9 321754 | |
| 650 | 0 | |a Encíclicas |9 255643 | |
| 650 | 0 | |a Documentos pontificios |9 255642 | |
| 583 | |a last modification |c 20080530 00:00:00 |k Rodrigo Vera | ||
| 490 | 0 | |a Encíclicas Pontificias | |
| 999 | |c 330341 |d 330339 | ||
| 952 | |0 0 |1 0 |4 0 |6 262_910000000000000_CAR_1954 |7 0 |8 X |9 415841 |a FDOBUD |b FDOBUD |d 2019-11-22 |i 4442288 |o 262.91 CAR 1954 |p 4442288 |r 2019-11-22 |w 2019-11-22 |y BK_X |k BUD | ||